Školský zákon s komentárom po novelách formy a organizácia výchovy, práva a povinnosti škôl, sústava škôl a zariadení, vzdelávacie programy

Bibliographic Details
Corporate Author: Slovensko (Author)
Format: Book
Language:Slovak
PhysicalDescription:352 strán 21 cm
Published: Žilina Poradca, s.r.o. 2022
ISBN:9788081622335
Subjects:

MARC

LEADER 00000cam a2200000 4500
001 vtls012138465
003 SK-MaSNL
005 20260425224438.0
008 220608s2022 xo f lf 000 0 slo
015 |a SNBI2022 
020 |a 9788081622335  |q (brožované) 
040 |a SNK  |b slo  |c SNK  |e rda 
041 0 |a slo 
043 |a e-xo--- 
044 |a xo  |c SK 
072 7 |a 37.09  |x Organizácia výučby a vzdelávanie  |2 konspekt 
080 |a 351.85  |2 2011 
080 |a (437.6)  |2 2011 
080 |a (094.5)  |2 2011 
080 |a (0.072)  |2 2011 
080 |a 37.09  |2 2011 
080 |a (035)  |2 2011 
110 1 |a Slovensko  |4 aut  |9 266955 
245 1 0 |a Školský zákon s komentárom po novelách  |b formy a organizácia výchovy, práva a povinnosti škôl, sústava škôl a zariadení, vzdelávacie programy  |c zodpovedná redaktorka Stanislava Kresaňová 
264 1 |a Žilina  |b Poradca, s.r.o.  |c 2022 
300 |a 352 strán  |c 21 cm 
336 |a text  |b txt  |2 rdacontent 
337 |a bez média  |b n  |2 rdamedia 
338 |a zväzok  |b nc  |2 rdacarrier 
500 |a Na obálke pod názvom: výchova a vzdelávanie 
500 |a Názov z obálky 
504 |a Obsahuje bibliografické odkazy 
650 0 7 |a školstvo  |2 SNKPH  |9 19712 
650 0 7 |a Education  |2 SNKPHeng  |9 265320 
651 7 |a Slovensko  |2 SNKPH  |9 14231 
651 7 |a Slovakia  |2 SNKPHeng  |9 92630 
655 7 |a zákony  |2 SNKPH  |9 70186 
655 7 |a komentáre  |2 SNKPH  |9 70412 
655 7 |a Laws  |2 SNKPHeng  |9 266957 
655 7 |a Commentaries  |2 SNKPHeng  |9 275605 
700 1 |a Kresaňová, Stanislava  |4 red  |9 270411 
710 1 2 |a Slovensko.  |t Školský zákon (2008, novela 2022)  |9 369643 
919 |a 978-80-8162-233-5 
954 |a odborná, vedecká literatúra pôvodná (slovenská)  |2 lita 
958 |a NB 
999 |c 613892  |d 615822 
952 |a SNK  |b SNK  |y PREZ  |7 0  |p 17A1493745  |o snkSC 198982  |i snk2022/13921  |8 0  |0 0  |1 0  |4 0  |d 2022-09-13  |l 0  |r 2025-10-21 00:00:00  |w 2026-02-23